Detalles MARC
| 000 -CABECERA |
| campo de control de longitud fija |
00814nam a2200193 a 4500 |
| 001 - NÚMERO DE CONTROL |
| campo de control |
000022297 |
| 005 - FECHA Y HORA DE LA ÚLTIMA TRANSACCIÓN |
| campo de control |
20200930011656.0 |
| 008 - DATOS DE LONGITUD FIJA--INFORMACIÓN GENERAL |
| campo de control de longitud fija |
100922s2002 dr ac 000 0 spa d |
| 020 ## - NÚMERO INTERNACIONAL ESTÁNDAR DEL LIBRO |
| Número Internacional Estándar del Libro |
9993402915 |
| 040 ## - FUENTE DE LA CATALOGACIÓN |
| Centro catalogador/agencia de origen |
DO-SdBNP |
| Lengua de catalogación |
spa |
| Centro/agencia transcriptor |
BNPHU |
| 082 ## - NÚMERO DE LA CLASIFICACIÓN DECIMAL DEWEY |
| Número de clasificación |
xxx |
| Número de documento/Ítem |
C749h |
| 049 ## - FONDOS LOCALES (OCLC) |
| Fondos de biblioteca |
BNPD |
| 100 1# - ENTRADA PRINCIPAL--NOMBRE DE PERSONA |
| Nombre de persona |
Batista del Villar, Guarocuya |
| Término indicativo de función/relación |
ed. |
| 9 (RLIN) |
20408 |
| 111 2# - ENTRADA PRINCIPAL--NOMBRE DE CONGRESO/REUNIÓN |
| Nombre de congreso/reunión o jurisdicción como elemento de entrada |
Congreso nacional y V jornada caribeña de hipertensión arterial |
| Número del congreso/reunión o número de parte o sección |
(2a : |
| Fecha del congreso/reunión |
2001 may. - jun. 30-2 : |
| Sede del congreso/Lugar de la reunión |
Santo Domingo) |
| 9 (RLIN) |
46056 |
| 245 13 - MENCIÓN DE TÍTULO |
| Título |
La hipertensión arterial en los albores del tercer milenio : |
| Resto del título |
detención, patofisiología, diagnóstico y tratamientos comunitario e individual / |
| Mención de responsabilidad, etc. |
editor Guarocuya Batista del Villar. |
| 260 ## - PUBLICACIÓN, DISTRIBUCIÓN, ETC. |
| Lugar de publicación, distribución, etc. |
Santo Domingo : |
| Nombre del editor, distribuidor, etc. |
WHL, |
| Fecha de publicación, distribución, etc. |
2002. |
| 300 ## - DESCRIPCIÓN FÍSICA |
| Extensión |
128 p. : |
| Otras características físicas |
il. ; retrs. ; |
| Dimensiones |
28 cm. |
| 710 2# - PUNTO DE ACCESO ADICIONAL--NOMBRE DE ENTIDAD CORPORATIVA |
| Nombre de entidad corporativa o nombre de jurisdicción como elemento de entrada |
Liga Mundial de Hipertensión |
| 9 (RLIN) |
46057 |